| 000 | 00722nam a22001937a 4500 | ||
|---|---|---|---|
| 999 |
_c62578 _d62578 |
||
| 005 | 20241210105202.0 | ||
| 008 | 241210s2020 enk||||| |||| 00| 0 eng d | ||
| 020 | _a9781838199807x | ||
| 041 | _aeng | ||
| 080 | _a159.924 K-45 | ||
| 100 |
_aKim, Helena _923938 |
||
| 245 |
_aSoft Skills for Hard People: _bA Practical Guide to Emotional Intelligence for Rational Leaders _c Helena Kim. |
||
| 264 |
_aMiddletown, _c2020. |
||
| 300 |
_a120 p.; _b23 cm. |
||
| 653 | _aფსიქოლოგია | ||
| 653 | _aემოციები | ||
| 653 | _aპრაქტიკული გზამკვლევი რაციონალური ლიდერებისთვის | ||
| 942 |
_2udc _cᲬᲘᲒᲜᲘ |
||